| 000 | 01012nam a22002417a 4500 | ||
|---|---|---|---|
| 003 | OSt | ||
| 005 | 20210317132557.0 | ||
| 008 | 210317s2002 ck ao||gr|||| 00| 0 spa d | ||
| 040 |
_aCO-JMCR _cCO-JMCR |
||
| 041 | 0 | _aspa | |
| 082 | 0 | 4 |
_a333.72 / _bM516i _223 |
| 100 | 1 |
_aGómez Mejía, Alberto., _eautor _95421 |
|
| 245 | 1 | 0 |
_aIniciativa para las Américas : _bColombia / _cAlberto Gómez Mejía ; fotografías, Germán Montes, Santiago Montes, Diego Samper |
| 260 |
_aBogotá : _bFondo para la Acción Ambiental, _c2002 |
||
| 300 |
_a207 páginas : _bilustraciones, mapas, gráficas, fotografías a color ; _c29 cm. |
||
| 650 | 1 | 4 |
_aProtección de los recursos naturales _xGuías _zColombia _936233 |
| 650 | 2 | 4 |
_aEducación ambiental _xGuías _zColombia _936234 |
| 650 | 2 | 4 |
_aEvaluación del impacto ambiental _xGuías _zColombia _936235 |
| 700 | 1 |
_aGermán Montes, _efotógrafo _936236 |
|
| 700 | 1 |
_aSantiago Montes, _efotógrafo _936237 |
|
| 700 | 1 |
_aSamper, Diego, _efotógrafo _936238 |
|
| 942 |
_2ddc _cBK |
||
| 999 |
_c15413 _d15413 |
||